[Event "Nord Pas de Cal-chT"]
[Site "Lille"]
[Date "2004.??.??"]
[Round "1.4"]
[White "Deladerriere, Dominique"]
[Black "Manet, Eric"]
[Result "0-1"]
[WhiteElo "1690"]
[BlackElo "2079"]
[PlyCount "104"]
[EventDate "2004.04.??"]
[EventType "team-swiss"]
[EventRounds "7"]
[EventCountry "FRA"]
[SourceTitle "EXT 2005"]
[Source "ChessBase"]
[SourceDate "2004.11.15"]
[SourceVersion "1"]
[SourceVersionDate "2004.11.15"]
[SourceQuality "1"]

1. d4 Nf6 2. Nf3 g6 3. Bf4 Bg7 4. e3 d6 5. h3 0-0 6. Be2 Nbd7 7. 0-0 b6 8. Nbd2 Bb7 9. c3 Ne4 10. Qc2 Nxd2 11. Qxd2 Nf6 12. Rad1 Rc8 13. Ne1 c5 14. Bf3 Ba6 15. Be2 c4 16. Bf3 d5 17. Nc2 Bb7 18. Rfe1 b5 19. Qe2 Qb6 20. Be5 a5 21. a3 e6 22. Kh1 Rfe8 23. g4 Nd7 24. Bxg7 Kxg7 25. h4 Qd6 26. Rg1 e5 27. g5 e4 28. Bg4 Rb8 29. Qf1 Nb6 30. Qh3 Bc8 31. h5 Bxg4 32. h6+ Kf8 33. Rxg4 Re6 34. Rf4 Kg8 35. Rf1 f6 36. gxf6 Rxf6 37. Rxf6 Qxf6 38. Qg3 Rf8 39. Ne1 g5 40. Qh3 Qf5 41. Qh5 Qg6 42. Qh2 Nd7 43. f4 exf3 44. Rxf3 Qe4 45. Qg2 Qh4+ 46. Kg1 Qxe1+ 47. Kh2 Qh4+ 48. Kg1 Rxf3 49. Qxf3 Qe4 50. Qxe4 dxe4 51. Kg2 Nf6 52. Kg3 Kf7 0-1